Countries of the World Quiz #1 - Statistics

General Stats
  • This quiz has been taken 32 times
  • The average score is 9 of 15
Answer Stats
Hint Answer % Correct
What is the capital of the Czech Republic? Prague
93%
Name the longest river that touches or is inside the borders of Brazil. Amazon River
89%
What is the most popular sport in Ukraine? Futball/Football/Soccer
89%
What is the capital of Ukraine? Kyiv
89%
What is the most populous city in Brazil? São Paulo
89%
What is the capital of Brazil? Brasília
86%
Name a country that borders the Czech Republic. Poland/Slovakia/Austria/Germany
86%
What is Ukraine's biggest export? Agricultural products
71%
What is the most popular sport in the Czech Republic? Ice Hockey
57%
Rounded to the nearest 10 million, what is the population of Brazil? Example: Russia's population is 144.1 Million. My answer would be 140 210 Million
54%
Who is the current President of Brazil? Jair Bolsonaro
50%
Who is the current President of Ukraine? Volodymyr Zelenskyy
32%
Name the longest river that touches or is inside Ukrainian borders. Dnieper River
18%
What is the second most populous city in Ukraine? Kharkiv City
18%
Name the longest river that touches or is inside the borders of the Czech Republic. the Elbe River
11%
No matching quizzes found
Score Distribution
Percent of People with Each Score
Percentile by Number Answered
Your Score History
You have not taken this quiz